| 000 | 01256nam0a2200313 4500 | ||
|---|---|---|---|
| 001 | RU\NLR\bibl\519833 | ||
| 005 | 20260406081451.0 | ||
| 010 |
_a5-94847-350-3 _910000 |
||
| 021 |
_aRU _b2004-17168 _9882 |
||
| 035 | _a(NLR Aleph) 000512242 | ||
| 090 |
_a1240595 _c1240595 |
||
| 100 | _a20040514d2004 |||y0rusy50 ca | ||
| 101 | 0 | _arus | |
| 102 | _aRU | ||
| 105 | _aa ||||||||| | ||
| 200 | 1 |
_aЦветные странички _eИгровая тетр. _e[Для занятий взрослых с детьми _fАнна Левина, Ольга Морозова] |
|
| 210 |
_aМ. _cОлма-Пресс Экслибрис _d2004 |
||
| 215 |
_a8 с. _cил., цв. ил. _d28 |
||
| 225 | 1 |
_aПолный курс подготовки к школе _e3-4 года |
|
| 300 | _aАвт. указаны в вып. дан. | ||
| 686 | _aШ9(2)60=Р7-8 | ||
| 700 | 1 |
_4070 _8rus _7ca _aЛевина _bА. _cпсевдоним _gАнна _3RU\NLR\AUTH\7745656 _928591 |
|
| 701 | 1 |
_4070 _8rus _7ca _aМорозова _cпедагог-методист _bО.А. _gОльга Александровна _3RU\NLR\auth\7719166 _92239 |
|
| 801 | 0 |
_aRU _bNLR _c20040514 _gPSBO |
|
| 801 | 1 |
_aRU _bNLR _c20040514 |
|
| 942 | _cBOOK | ||
| 980 | _aNB | ||